<?xml version="1.0" encoding="UTF-8"?>
<record
    xmlns:xsi="http://www.w3.org/2001/XMLSchema-instance"
    xsi:schemaLocation="http://www.loc.gov/MARC21/slim http://www.loc.gov/standards/marcxml/schema/MARC21slim.xsd"
    xmlns="http://www.loc.gov/MARC21/slim">

  <leader>01441    a2200193   4500</leader>
  <controlfield tag="001">46589</controlfield>
  <controlfield tag="005">20260407155736.0</controlfield>
  <controlfield tag="008">260407a1977    arg                 spa d</controlfield>
  <controlfield tag="003">AR-UNSa-BCEJYS</controlfield>
  <datafield tag="040" ind1=" " ind2=" ">
    <subfield code="a">AR-UNSa-BCEJYS</subfield>
    <subfield code="b">spa</subfield>
    <subfield code="c">AR-UNSa-BCEJYS</subfield>
  </datafield>
  <datafield tag="080" ind1=" " ind2=" ">
    <subfield code="a">658.5</subfield>
    <subfield code="x">Planificaci&#xF3;n y control de la producci&#xF3;n
</subfield>
  </datafield>
  <datafield tag="245" ind1="1" ind2="0">
    <subfield code="a">Administraci&#xF3;n de producci&#xF3;n</subfield>
  </datafield>
  <datafield tag="264" ind1=" " ind2="1">
    <subfield code="a">Buenos Aires :</subfield>
    <subfield code="b">El Ateneo</subfield>
    <subfield code="c">1977</subfield>
  </datafield>
  <datafield tag="300" ind1=" " ind2=" ">
    <subfield code="a">178 p.</subfield>
    <subfield code="c">26 cm.</subfield>
  </datafield>
  <datafield tag="505" ind1=" " ind2=" ">
    <subfield code="a">
La &#x201C;Serie de Ense&#xF1;anza Programada &#x201C;: 1. Administraci&#xF3;n de producci&#xF3;n: una perspectiva &#x2013; 2. La toma de decisiones en la producci&#xF3;n &#x2013; 3. An&#xE1;lisis de sistemas &#x2013; 4. M&#xE9;todos anal&#xED;ticos &#x2013; 5. Programaci&#xF3;n lineal &#x2013; 6. An&#xE1;lisis de costos &#x2013; 7. Dise&#xF1;o de producto &#x2013; 8. Los procesos y su planificaci&#xF3;n &#x2013; 9. Localizaci&#xF3;n &#x2013; 10. Dise&#xF1;o y disposici&#xF3;n (layout) de la planta &#x2013; 11. M&#xE9;todos de trabajo y dise&#xF1;os de tareas &#x2013; 12. Medici&#xF3;n del trabajo y normas de producci&#xF3;n &#x2013; 13. Sistemas de producci&#xF3;n e inventarios &#x2013; 14. Pron&#xF3;sticos e inventarios &#x2013; 15. Planificaci&#xF3;n y producci&#xF3;n globales &#x2013; 16. Programaci&#xF3;n para sistemas de gran magnitud de productos normalizados  - 17. Producci&#xF3;n y control de los sistemas intermitentes &#x2013; 18. Planificaci&#xF3;n, programaci&#xF3;n y control de proyectos unitarios de gran escala &#x2013; 19. Mantenimiento &#x2013; 20. Control de calidad.</subfield>
  </datafield>
  <datafield tag="942" ind1=" " ind2=" ">
    <subfield code="c">BK</subfield>
  </datafield>
  <datafield tag="590" ind1=" " ind2=" ">
    <subfield code="a">niveau_biblio:m niveau_hierar:0</subfield>
  </datafield>
  <datafield tag="100" ind1="1" ind2=" ">
    <subfield code="a">Buffa, Elwood S.</subfield>
  </datafield>
  <datafield tag="999" ind1=" " ind2=" ">
    <subfield code="c">4210</subfield>
    <subfield code="d">4210</subfield>
  </datafield>
  <datafield tag="952" ind1=" " ind2=" ">
    <subfield code="0">0</subfield>
    <subfield code="1">0</subfield>
    <subfield code="4">0</subfield>
    <subfield code="7">0</subfield>
    <subfield code="a">BCEJYS</subfield>
    <subfield code="b">BCEJYS</subfield>
    <subfield code="c">16</subfield>
    <subfield code="d">2026-04-07</subfield>
    <subfield code="l">0</subfield>
    <subfield code="o">658.5 B929m</subfield>
    <subfield code="p">L45375</subfield>
    <subfield code="r">2026-04-07 15:57:36</subfield>
    <subfield code="w">2026-04-07</subfield>
    <subfield code="y">L</subfield>
  </datafield>
</record>
